Представление документа в формате RUSMARC

Поле Инд. ПП Название Значение
Тип записи a
Библиографический уровень a
001 Контрольный номер 6b3fb16519724c08ad70d327726d40ae
005 Дата корректировки 20181124200639.0
100 a Данные общей обработки 20180910 ||| 0rusy0189 ca
101 0_ a Язык текста rus
102 a Страна публикации RU
200 1_ f Первые сведения об ответственности В.В. Душа
a Заглавие Судебная власть России: генезис и эволюция
b Общее обозначение материала Текст
210 d Дата издания 2018
461 _0 1 2000
a Закон и право
463 _0 1 2000
a №7
v С. 123-127
1 2101
d 2018
1 001b8a5a39af1b24267bb2eb63b09745d65
606 a Основная рубрика Правоохранительные и судебные органы
610 0_ a Ключевые слова СУДЕБНАЯ ВЛАСТЬ
a Ключевые слова СУДЕБНАЯ РЕФОРМА
a Ключевые слова ИСТОРИЯ РОССИЙСКОГО СУДА
700 _1 a Фамилия Душа
b Имя В.В.
801 _0 a Страна RU
b Организация РГУП
c Дата составления 20180910
g Правила каталогизации PSBO
801 _1 a Страна RU
b Организация РГУП
c Дата составления 20180910
g Правила каталогизации PSBO
901 t Тип документа b
w Контрольный № источника b8a5a39af1b24267bb2eb63b09745d65
905 a Дата ввода 20180910